000 00586nam a2200193 a 4500
005 20260417064121.0
008 991125s2000 ea 000 0 eng u
020 _a0750707496
035 _aUPN01000024337
049 _aCG
050 4 _aLC197
_bC6.3
100 1 _aCoffey, Amanda,
_d1967-
_931087
245 1 0 _aFeminism and the classroom teacher :
_bresearch, praxis, pedagogy /
_cAmanda Coffey and Sara Delamont.
260 _aLondon :
_bRoutledge Falmer,
_c2000.
300 _a182 p.
650 4 _aFeminismo y educación
_99163
700 1 _aDelamont, Sara,
_ecoaut.
905 _aLibro
999 _c24337
_d24337